Simultaneous spectrophotometric determination of calcium and magnesium with chlorophosphanazo III (Record no. 45919)

MARC details
000 -LEADER
fixed length control field 00434nam a2200145Ia 4500
100 ## - MAIN ENTRY--AUTHOR NAME
Personal name Ferguson Jerry W
245 #0 - TITLE STATEMENT
Title Simultaneous spectrophotometric determination of calcium and magnesium with chlorophosphanazo III
260 ## - PUBLICATION, DISTRIBUTION, ETC. (IMPRINT)
Name of publisher Analytical Chemistry
300 ## - PHYSICAL DESCRIPTION
Number of Pages 796-799
700 ## - ADDED ENTRY--PERSONAL NAME
Personal name Banks Charles V
700 ## - ADDED ENTRY--PERSONAL NAME
Personal name O'laughlin Jerome W
700 ## - ADDED ENTRY--PERSONAL NAME
Personal name Richard John J
942 ## - ADDED ENTRY ELEMENTS (KOHA)
Koha item type Reprints
Holdings
Withdrawn status Lost status Damaged status Not for loan Home library Current library Date acquired Serial Enumeration / chronology Koha item type
      Reprints RRII Library RRII Library 22/12/2021 Volume 36, Issue April Reprints